| 000 | 02031cam a22005294i 4500 | ||
|---|---|---|---|
| 003 | PE-LiUPU | ||
| 005 | 20250731165641.0 | ||
| 008 | 150616s r 000 0 d | ||
| 020 | _a0802824307 | ||
| 035 | _a(Sirsi) i9780802824301 | ||
| 040 |
_aPE-LiUPU _bspa _cPE-LiUPU _erda |
||
| 049 | _aPRUA | ||
| 082 | 0 | 4 |
_a225.077 _bS _221 |
| 100 | 1 |
_aJay Epp, Eldon, _eautor. |
|
| 245 | 1 | 0 |
_aStudies in the Theory and Method of New Testament: Textual Criticism. _n45 / _cEldon Jay Epp. |
| 264 | 1 |
_aGrand Rapids, Michigan : _bWilliam B. Eerdmans Publishing Company, _c1992. |
|
| 300 |
_a414 páginas ; _c25 centímetros |
||
| 336 |
_atext _2rdacontent |
||
| 337 |
_aunmediated _2rdamedia |
||
| 338 |
_avolume _2rdacarrier |
||
| 490 | 0 |
_aStudies and documents ; _v45 |
|
| 504 | _aBibliografía: páginas 360-399. | ||
| 505 | 0 | _aGeneral and Historical Overview -- Definitions -- Critique of Current Theory and MethodEstablishing Textual Relationships -- Papyri and text-critical method -- Method and use of Patristic Evidence Biblia. | |
| 526 | _aSEG44 | ||
| 526 | _aSEG26 | ||
| 526 | _aP151 | ||
| 526 | _aP150 | ||
| 526 | _aP149 | ||
| 526 | _aP146 | ||
| 526 | _aP145 | ||
| 526 | _aP126 | ||
| 526 | _aP125 | ||
| 526 | _aP92 | ||
| 526 | _aP75 | ||
| 526 | _aP74 | ||
| 526 | _aP27 | ||
| 526 | _aP15 | ||
| 630 |
_aBiblia. _pN.T. _xCrítica, interpretación, etc. |
||
| 700 | 1 | _aGordon D. Fee. | |
| 910 |
_ajck _bjvq _cjck |
||
| 942 |
_2ddc _cBOOK |
||
| 949 |
_aRC 225.077 S 45 _wDEWEY _c1 _i40604 _lCCODEBUL1 _mBUL _r0 _sY _tBOOK _u2015-6-16 _xTEOLOGIA _zUNKNOWN _0COMPRA _o.CIRCNOTE. No olvidar cambiar la fecha de devolución!!!!!!! _o.STAFF. Colección General |
||
| 994 |
_aC0 _bPEPRU |
||
| 596 | _a1 | ||
| 999 |
_aRC 225.077 S 45 _wDEWEY _c58390 _i40604 _f2021-11-8 _g6 _lCCODEBUL1 _mBUL _r1 _sY _tBOOK _u2015-6-16 _xTEOLOGIA _zUNKNOWN _0COMPRA _o.CIRCNOTE. No olvidar cambiar la fecha de devolución!!!!!!! _o.STAFF. Colección General _d58390 |
||
| 980 |
_81 _gALBERTO SANCHEZ Responsable de Automatización |
||